• 首页
  • 本馆介绍
  • 公告通知
  • 最新文献
  • 馆藏检索
  • 电子资源
  • 读者导购
  • 参考咨询
  • 我的图书馆
  • 登录
  • 详细信息显示
  • 放入我的书架
  • 预约/预借图书
  • 作者相关作品
  • 分类相关作品
  • 丛书相关作品
  • 出版社相关作品

书目信息

  • 表格格式
  • 工作单格式
  • 卡片格式
题名:
青少年近视简易疗法
    
 
作者: ;曾雯英 译 ;学校性近视防治研究所 编
分册:  
出版信息: 北京   人民卫生出版社  1983
页数: 80页
开本: 19cm
丛书名:
单 册:
中图分类: R778.1
科图分类:
主题词: 近视-青少年--治疗 , 眼科学:屈光学 , 青少年-近视--治疗
电子资源:
ISBN:
000 00883nam0 2200265 45
001 0183001453
005 20061122105948.60
010    @dCNY0.24
091    @a14048.4495
100    @a19950726d1983 em y0chiy0121 ea
101 1  @achi@cjpn
102    @aCN@b110000
105    @ay z 000yy
200 10 @a青少年近视简易疗法@Aqing shao nian jin shi jian yi liao fa@f(日)学校性近视防治研究所编@F(ri)xue xiao xing jin shi fang zhi yan jiu suo bian@g曾雯英译
210    @a北京@c人民卫生出版社@d1983
215    @a80页@d19cm
606    @a近视-青少年@x治疗
606 0  @a眼科学:屈光学
606    @a青少年-近视@x治疗
690    @aR778.1@v3
702  0 @a曾雯英@Azeng wen ying@4译
711  0 @a学校性近视防治研究所@Axue xiao xing jin shi fang zhi yan jiu suo@4编
801  2 @aCN@bNLC@c20061122
801  0 @aCN@b上海图书馆@c20040524
905    @f1@b104321@f0@f2@b104318-319@dR778.1@e3
    
    青少年近视简易疗法/(日)学校性近视防治研究所编/曾雯英译.-北京:人民卫生出版社,1983
    80页;19cm
    
    
    ISBN :CNY0.24
    
●
相关链接 在E读中查询图书 在五车中查询图书 在当当中查询图书 在豆瓣中查询图书


正题名:青少年近视简易疗法     索取号:R778.1/3         预约/预借

序号 登录号 条形码 馆藏地/架位号 状态 备注
1 0104318   000716032   第三借阅区/ [索取号:R778.1/3] 在馆    
2 0104319   000717040   第三借阅区/ [索取号:R778.1/3] 在馆    
3 0104320   202170774   密集书库/ [索取号:R778.1/3] 在馆    
4 0104321   000717077   第三借阅区/ [索取号:R778.1/3] 在馆    
5 0104322   000716979   第二样本阅览室/ [索取号:R778.1/3] 在馆    
唐山师范学院图书馆 欢迎您!
大连网信软件有限公司© 版权所有